00802nam a2200205Ia 4500008004100000020001800041050002000059082002100079100004000100245008500140250001200225260003800237300001000275440002500285650006800310942000700378952009700385952009700482999001700579120905s9999 xx 000 0 und d a970-24-0218-2 aHC135 R632 2002 a320.5 R696e 2002 aRodriguez Sánchez, Aurelio Miguel aEstructura socioeconómica de México 2 / Aurelio Miguel Rodríguez Sánchez a2aq ed. aMéxico : Cultura : Patriac2002 a255 p aHistórico Sociales aCondiciones económicas - sociales 2. Política y gobiernoÌ cLB 00104070a13b13d2010-05-15l0oHC135 R632 2002p13 000229r2012-09-05t1w2012-09-05yLB 00104070a13b13d2010-05-15l0oHC135 R632 2002p13 000230r2012-09-05t2w2012-09-05yLB c83751d83751